| 000 | 00299nam a2200109Ia 4500 | ||
|---|---|---|---|
| 008 | 230907s9999||||xx |||||||||||||| ||und|| | ||
| 082 |
_a621.47 _bBLA |
||
| 100 |
_aBlazev, Anco _9118049 |
||
| 245 |
_aSolar technologies for the 21st century / _cAnco Blazev. |
||
| 260 | _c2019-09-27 | ||
| 942 |
_2ddc _cEB |
||
| 999 |
_c599669 _d599669 |
||